| 000 | 00729nam a2200193 a 4500 | ||
|---|---|---|---|
| 005 | 20250829063929.0 | ||
| 008 | 991125s1983 mx 000 0 spa u | ||
| 035 | _aUPN01000001104 | ||
| 049 | _aCG | ||
| 050 | 4 |
_aLB7 _bC8.2 no.10 |
|
| 245 | 0 | 4 |
_aLos adultos no-alfabetizados y sus conceptualizaciones del sistema de escritura / _cEmilia Ferreiro ... [et al.]. |
| 260 |
_aMéxico : _bIPN, Centro de Investigación y de Estudios Avanzados, Departamento de Investigaciones Educativas, _c1983. |
||
| 300 | _a233 p. | ||
| 440 | 0 |
_aCuadernos de investigación educativa ; _v10 |
|
| 650 | 4 |
_aAnalfabetismo _94901 |
|
| 650 | 4 |
_aEducación de adultos _zMéxico _95673 |
|
| 700 | 1 |
_aFerreiro, Emilia, _d1937- _ecoaut. _930158 |
|
| 905 | _aLibro | ||
| 999 |
_c1104 _d1104 |
||